00699nac a22002051u 4500020001500000082001300015090001500028100003400043245006300077260003700140300002000177440003400197500002600231500004400257511002400301650003700325942001500362999001500377952010100392 a9953100233 a603bCRO c9261d9261 aCrocker, David  aYork dictionary of Aeronautical English /cDavid Crocker. bLibrairie du liban,2000.cc2000. a249 p.:c20 cm. aHigher Education Dictionaries adistributer: Al-Ahram aFirst published in Great Braitain 1999. acatalogued by: Sara aTechnologyxDictionaries English cNBk603CRO c9261d9261 00104070aMAINbMAINc1STd2008-04-23ePurchasel0o603CROp000011192r2025-07-15 00:00:00yNB